000 00399nam a2200169Ia 4500
001 14387
005 20260306164910.0
008 260306t9999||||xx |||||||||||||| ||spa||
041 _aESP
082 _a512.5
_bP78
100 _aPortugal Vera, Ricardo M.
_eAUT
245 0 _aÁlgebra vectorial y sus aplicaciones
300 _a
_c
650 _aGEN
654 _aCMA
942 _cLIB
_dJUS
_fJUS
_2ddc
_n
999 _c14387
_d14387